000 01446nam a22004097a 4500
001 11872914
003 OSt
005 20210426095545.0
008 991221s2001 mduab b 001 0 eng c
010 _a 99086958
020 _a083421766X
035 _a(DNLM)100910305
040 _aDNLM/DLC
_cDLC
_deng
_beng
041 _aeng
042 _apcc
050 0 0 _aRA643
_b.I6535 2001
060 1 0 _aWC 100
_bI4026 2000
080 _a616-036.2
_bN-38
082 0 0 _a614.5
_221
245 0 0 _aInfectious disease epidemiology :
_btheory and practice /
_c/ by: Aspen Publishers
260 _aGaithersburg, Md. :
_bAspen Publishers
_c2001.
300 _axx, 748 p. :
_bill., maps ;
_c26 cm.
504 _aIncludes bibliographical references and index.
650 0 _aCommunicable diseases
_xEpidemiology.
650 0 _aEPIDEMIOLOGY
_957
650 1 2 _aCommunicable Diseases
_xepidemiology.
650 2 2 _aDisease Outbreaks.
650 2 2 _aEpidemiologic Methods.
653 _aეპიდემიოლოგია
653 _aგადამდები დაავადებები
700 1 _aNelson, Kenrad E.
700 1 _aWilliams, Carolyn Masters.
700 1 _aGraham, Neil M. H.
906 _a7
_bcbc
_corignew
_d1
_eocip
_f19
_gy-gencatlg
942 _2udc
_cBK
999 _c876
_d876